ՀՀ Գիտությունների ազգային ակադեմիայի հիմնարար գիտական գրադարան  =   Fundamental Scientific Library of NAS RA

Հայոց եղեռնապատումի գրականությունը : (Record no. 371171)

MARC details
000 -LEADER
fixed length control field 01492nam a2200265 a 4500
001 - CONTROL NUMBER
control field 001161203
003 - CONTROL NUMBER IDENTIFIER
control field AM-YeHGA
005 - DATE AND TIME OF LATEST TRANSACTION
control field 20250617152450.0
008 - FIXED-LENGTH DATA ELEMENTS--GENERAL INFORMATION
fixed length control field 160701s2015 ai ||||frg||||001|0|arm|d
020 ## - INTERNATIONAL STANDARD BOOK NUMBER
International Standard Book Number 9789939909820
040 ## - CATALOGING SOURCE
Original cataloging agency AM-YeHGA
041 0# - LANGUAGE CODE
Language code of text/sound track or separate title arm
090 ## - LOCALLY ASSIGNED LC-TYPE CALL NUMBER (OCLC); LOCAL CALL NUMBER (RLIN)
-- 373049
245 00 - TITLE STATEMENT
Title Հայոց եղեռնապատումի գրականությունը :
Remainder of title Հայոց ցեղասպանության 100-րդ տարելիցին նվիրված գիտաժողովի նյութեր՝ մայիսի 20, 2015 /
Statement of responsibility, etc. Կազմեց և խմբագրեց՝ Լ. Գալստյան; Համազգային հայ կրթական և մշակութային միություն; Երևանի պետական համալսարան.
260 ## - PUBLICATION, DISTRIBUTION, ETC.
Place of publication, distribution, etc. Երևան :
Name of publisher, distributor, etc. Լուսակն,
Date of publication, distribution, etc. 2015.
300 ## - PHYSICAL DESCRIPTION
Extent 162 էջ ;
Dimensions 20 սմ.
504 ## - BIBLIOGRAPHY, ETC. NOTE
Bibliography, etc. note Տողատակում՝ մատենագիտական ծանոթագրություններով
650 14 - SUBJECT ADDED ENTRY--TOPICAL TERM
Topical term or geographic name entry element Հայոց ցեղասպանություն, 1915-1923
650 14 - SUBJECT ADDED ENTRY--TOPICAL TERM
Topical term or geographic name entry element Գրականագիտություն
700 1# - ADDED ENTRY--PERSONAL NAME
Personal name Գալստյան, Լիլիթ Սերյոժայի,
Dates associated with a name 1962-
Relator term կազմ., խմբ.
Relationship com
-- edt
710 2# - ADDED ENTRY--CORPORATE NAME
Corporate name or jurisdiction name as entry element Համազգային հայ կրթական եւ մշակութային միություն
710 2# - ADDED ENTRY--CORPORATE NAME
Corporate name or jurisdiction name as entry element Երևանի պետական համալսարան
711 2# - ADDED ENTRY--MEETING NAME
Meeting name or jurisdiction name as entry element Հայոց ցեղասպանության 100-րդ տարելիցին նվիրված գիտաժողովի նյութեր
Location of meeting Երևան
Date of meeting or treaty signing մայիսի 20, 2015
901 ## - LOCAL DATA ELEMENT A, LDA (RLIN)
a NLAACRA
Holdings
Withdrawn status Lost status Damaged status Not for loan Collection Home library Current library Date acquired Cost, normal purchase price Shelving control number Total checkouts Full call number Barcode Date last seen Price effective from Koha item type Public note
        General Fundamental Scientific Library Fundamental Scientific Library 11/01/2017 1500.00     AII/101826 FL0430658 11/01/2017 11/01/2017 Գրքեր / Books 30 Days Loan
        General Fundamental Scientific Library Fundamental Scientific Library 11/01/2017 1500.00     AII/101827 FL0430659 11/01/2017 11/01/2017 Գրքեր / Books 30 Days Loan


ՀՀ ԳԱԱ հիմնարար գիտական գրադարան
ՀՀ,Երևան 0019
Մարշալ Բաղրամյան 24/6
հեռախոս:(374-10) 52-47-50
Հետադարձ կապ

All site content, except where otherwise noted, is licensed under a
Creative Commons License